| 000 | 00881cam a22002775a 4500 | ||
|---|---|---|---|
| 001 | 16351703 | ||
| 005 | 20151011155909.0 | ||
| 008 | 090422s2010 enkak frb 001 0 eng d | ||
| 020 | _a9781848604469 (hbk.) | ||
| 020 | _a9781848604476 (pbk.) | ||
| 040 |
_aUKM _beng _cUKM _dBWKUK _dBWK _dYDXCP _dBWX _dDLC _dEG-ScBUE |
||
| 082 | 0 | 4 |
_a302.23 _bLOU _222 |
| 100 | 1 |
_aLouw, P. Eric. _938336 |
|
| 245 | 1 | 4 |
_aThe media and political process / _cP. Eric Louw. |
| 250 | _a2nd ed. | ||
| 260 |
_aLondon : _bSAGE Publications Ltd., _c2010. |
||
| 300 |
_avi, 232 p. : _bforms, tables ; _c25 cm. |
||
| 500 | _aPrevious ed. : 2005. | ||
| 500 | _aIndex : p. 227-232. | ||
| 500 | _aGlossary : p. 205-217. | ||
| 504 | _aBibliography : p. [218]-226. | ||
| 650 | 0 |
_aMass media _xPolitical aspects. _2BUEsh |
|
| 651 | _2BUEsh | ||
| 653 |
_bCOMAME _cJune2015 _cAugust2015 |
||
| 942 |
_2ddc _k302.23 LOU |
||
| 999 |
_c19805 _d19777 |
||